00174 a2200073 45000010005000001000020000052450055000252600020000806988 aImmamuddin, S.M aModern history of the middle east and north Africa abNajmah Sonsc